00840nam a2200241Ia 450000500170000000800410001702000160005808200160007410000370009024500960012725000390022330000270026249000250028949000270031465000390034165000350038070000330041526400270044833600270047533700330050233800280053504000350056320220317000529.0160601s2004 sp a g 000 0 spa  a8420645400 04aR 103bF27d1 aFerrater Mora, Joséd1912-199110aDiccionario de filosofía de bolsillocJosé Ferrater Mora ; compilado por Priscilla Cohn a1a. edición b3a. reimpresión  a2 volúmenes c17 cm  aEl Libro de Bolsillo aBiblioteca de Consulta142LEMB aFilosofía vDiccionarios 142LEMB aFilosofía xHistoria 1 aCohn, Priscillaecompilador  aMadrid bAlianzac2004 atextobtxt2rdacontent asin mediaciónbn2rdamedia avolumenbnc2rdacarrier aCO-BoRNBPbspaerdacCO-BoRNBP